Central Library and Information Centre
Sibsagar Girls' College, Sivasagar : Assam

AN ANTHOLOGY OF ENGLISH VERSE (For Pre-University Course) (Record no. 11320)

MARC details
000 -LEADER
fixed length control field 00591cam a2200205ua 4500
008 - FIXED-LENGTH DATA ELEMENTS--GENERAL INFORMATION
fixed length control field 190330n1973 II |||gr||||Z||||||eng
040 ## - CATALOGING SOURCE
Original cataloging agency MAIN
041 ## - LANGUAGE CODE
-- English
082 ## - DEWEY DECIMAL CLASSIFICATION NUMBER
Classification number 820 DU
100 ## - MAIN ENTRY--PERSONAL NAME
Personal name DU.
245 ## - TITLE STATEMENT
Title AN ANTHOLOGY OF ENGLISH VERSE (For Pre-University Course)
250 ## - EDITION STATEMENT
Edition statement REP.
260 ## - PUBLICATION, DISTRIBUTION, ETC.
Place of publication, distribution, etc. DIBRUGARH
Name of publisher, distributor, etc. DIBRUGARH UNIVERSITY COORDINATION COMMITTEE
Date of publication, distribution, etc. 1973
300 ## - PHYSICAL DESCRIPTION
Extent 71:
Dimensions 18CM.
500 ## - GENERAL NOTE
General note BOOK was before in BOOK BANK Acc.No.UB 302, Now New Acc.No.09645
700 ## - ADDED ENTRY--PERSONAL NAME
Personal name DU.,
Relator term AUTHOR.
942 ## - ADDED ENTRY ELEMENTS (KOHA)
Koha item type Books
653 ## - INDEX TERM--UNCONTROLLED
Uncontrolled term English.& Old English literatures
Holdings
Withdrawn status Lost status Damaged status Not for loan Collection code Home library Current library Shelving location Date acquired Full call number Barcode Date last seen Copy number Price effective from Koha item type
        TBENG Central Library and Information Centre Sibsagar Girls College Central Library and Information Centre Sibsagar Girls College English Rack 18.03.1987 820 DU 09645 27.02.2020 1 27.02.2020 Books


Sibsagar Girl's College © 2020. All rights reserved.
Powered by Koha.
Maintained by Abhijit Borpuzari.